000
00288nam a22001337a 4500
008
170619b xxu||||| |||| 00| 0 eng d
020
_a
0316851329
041
_a
eng
080
_2
3RD
_a
32
100
_a
20
101
_a
SHP
245
_a
POLITICS CHINA
_c
TOWNSEND,J.R
942
_2
udc
_c
BK
999
_c
18006
_d
18006